Suharto's Indonesia /

Bibliographic Details
Main Author: McDonald, Hamish, 1948-
Format: Book
Language:English
Published: Honolulu : University Press of Hawaii, 1981
Edition:Univ. Press of Hawaii ed.
Subjects:

MARC

Tag First Indicator Second Indicator Subfields
LEADER 00000cam a2200000 a 4500
001 in00000375256
005 20151011090357.0
008 820202c1981 hiub b 00110 eng d
020 |a 0824807812 
035 |a (OCoLC)08120107 
035 |9 ABQ6100AM 
040 |a PBU  |c PBU  |d TXA  |d UtOrBLW 
043 |a a-io--- 
049 |a TXAM  |c [1388499] 
090 |a DS644.4  |b  M393 1981 
100 1 |a McDonald, Hamish,  |d 1948- 
245 1 0 |a Suharto's Indonesia /  |c Hamish McDonald. 
250 |a Univ. Press of Hawaii ed. 
264 1 |a Honolulu :  |b University Press of Hawaii,  |c 1981 
264 4 |c ©1980 
300 |a 277 pages :  |b map ;  |c 19 cm. 
336 |a text  |b txt  |2 rdacontent 
337 |a unmediated  |b n  |2 rdamedia 
338 |a volume  |b nc  |2 rdacarrier 
504 |a Includes bibliographical references and index. 
600 0 0 |a Suharto. 
651 0 |a Indonesia  |x Politics and government  |y 1966-1998. 
999 |a MARS 
999 f f |s 8e776451-5683-35bf-9295-5863a8219b20  |i e78a8317-1389-3523-8734-9ff690b0a61b  |t 0 
952 f f |p normal  |a Texas A&M University  |b College Station  |c Sterling C. Evans Library  |d Evans: Library Stacks  |t 0  |e DS644.4 M393 1981  |h Library of Congress classification  |i unmediated -- volume  |m A14807497645 
998 f f |a DS644.4 M393 1981  |t 0  |l Evans: Library Stacks